Statistiques concernant Focus sur: Eöl - Tolkien

Cliquez ici pour prendre le quiz!

Statistiques générales

  • Ce quiz a été pris 7 fois
  • Le résultat moyen est 7 sur 9

Statistiques - réponses

Informations recherchéesRéponses% Correct
EspèceElfe
100%
Première apparitionLe Silmarillion
100%
Age durant lequel il vécutPremier
100%
Couleur des cheveuxNoir
86%
Groupe de l'espèceSindar (Elfe Noir)
86%
EpouseAredhel
57%
RoyaumeNan Elmoth
57%
FilsMaeglin
43%
Maison (lignée)Thingol
29%

Distribution des résultats

Percentile par nombre de réponses

% des personnes avec chaque résultat

Votre développement - résultats

Vous n’avez pas pris ce quiz